[Event "CHN-ch U16"]
[Site "Shenzhen"]
[Date "2023.07.28"]
[Round "2"]
[White "Zhu, Zikun"]
[Black "Shi, Jiashuo"]
[Result "0-1"]
[WhiteElo "1423"]
[BlackElo "1741"]
[PlyCount "40"]
[EventDate "2023.07.28"]
[EventType "swiss"]
[EventRounds "11"]
[EventCountry "CHN"]
[SourceTitle "CBM 215 Extra"]
[Source "ChessBase"]
[SourceDate "2023.09.30"]
[SourceVersion "1"]
[SourceVersionDate "2023.09.30"]
[SourceQuality "1"]

1. d4 d5 2. c4 e6 3. Nf3 Nf6 4. g3 Bb4+ 5. Nc3 0-0 6. Qb3 c5 7. Bg2 Nc6 8. a3 Na5 9. Qc2 Bxc3+ 10. Qxc3 cxd4 11. Nxd4 Nxc4 12. 0-0 e5 13. Nf3 Ne4 14. Qc2 Qe7 15. b3 Ncd6 16. Bb2 d4 17. e3 Bf5 18. exd4 Nxg3 19. Qc5 Nxf1 20. dxe5 Nc8 0-1

[Event "CHN-chB"]
[Site "Qiziwan"]
[Date "2023.02.02"]
[Round "7"]
[White "Xie, Kaifan"]
[Black "Shi, Jiashuo"]
[Result "1/2-1/2"]
[WhiteElo "2212"]
[BlackElo "1650"]
[PlyCount "129"]
[EventDate "2023.01.30"]
[EventType "swiss"]
[EventRounds "11"]
[EventCountry "CHN"]
[SourceTitle "CBM 212 Extra"]
[Source "ChessBase"]
[SourceDate "2023.03.31"]
[SourceVersion "1"]
[SourceVersionDate "2023.03.31"]
[SourceQuality "1"]

1. d4 d5 2. c4 e6 3. Nc3 Nf6 4. cxd5 exd5 5. Bg5 Be7 6. e3 c6 7. Bd3 0-0 8. Nf3 Nh5 9. Bxe7 Qxe7 10. Qc2 Nf6 11. 0-0 Nbd7 12. Rab1 a5 13. a3 Re8 14. Rfc1 Nf8 15. b4 axb4 16. axb4 Be6 17. Na4 N6d7 18. b5 Rec8 19. bxc6 Rxc6 20. Qb3 Rxc1+ 21. Rxc1 Qd6 22. h3 h6 23. Nc3 Rc8 24. Rb1 b6 25. Ne2 Nh7 26. Nf4 Nhf6 27. Qa4 Rc3 28. Qa8+ Qf8 29. Qb7 Qc8 30. Qxc8+ Rxc8 31. Bb5 Rc7 32. g4 Kf8 33. Bxd7 Nxd7 34. Rb5 Ra7 35. Nxd5 Ra5 36. Nc7 Bc4 37. Rxa5 bxa5 38. Nd2 Bd3 39. Nd5 a4 40. Nb4 Be2 41. f3 Nb6 42. Kf2 Bb5 43. Nb1 Ke7 44. Na3 Bd7 45. e4 h5 46. Ke3 hxg4 47. hxg4 f6 48. Kd3 g6 49. Kc3 f5 50. gxf5 gxf5 51. e5 Be6 52. f4 Bb3 53. Nb5 Kd7 54. Nd6 Ke6 55. Nd3 Nd5+ 56. Kb2 Ne7 57. Kc3 Nd5+ 58. Kb2 Ne7 59. Ne8 Kd5 60. Kc3 Ke4 61. Nd6+ Ke3 62. Nc5 Kxf4 63. Nxb3 axb3 64. Kxb3 Ke3 65. Nxf5+ 1/2-1/2